000 00676nab a2200193 4500
999 _c372366
_d372366
001 90031
003 OSt
005 20230414121644.0
007 tu
008 110905s2000|||||||
040 _aDE-2950
_cDE-2950
245 0 0 _aStadt ist mit Abgabe im Verzug.
_bBerechnung. Bis Ende Januar mussten Frankfurter ihre Grundsteuererklärung abgeben. Das Finanzamt erklärt nun da weitere Vorgehen - und richtet eine Bitte an die Bürger /
_cPhilipp Stepputtis
264 _c2023
653 _aFrankfurt (Oder)
653 _aFinanzamt
653 _aGrundsteuerberechnung
773 0 _g34. Jahrgang (2023) Nr. 88, 14.04.2023, S. 16: mit Foto
_tMärkische Oderzeitung
942 _2z
_cA